000 01116nmm a2200313 a 4500
005 20200104041531.0
008 140121b1997 ck ||||| |||| 00| 0 spa d
040 _aCO-BoIAVH
_cCO-BoIAVH
041 _aspa
044 _ack
090 _aIAvH
_b00178
100 _aAlvarez R., Mauricio
110 _bInstituto de Investigación de Recursos Biológicos Alexander von Humboldt
245 _aCaracterización ecológica de cuatro remanentes de bosque seco de la región Caribe colombiana
260 _aBogotá
_bInstituto Alexander von Humboldt
_c1997
300 _a130 p.
650 _aCaracterización biológica
650 _aBosque seco tropical
650 _aFragmentación de bosques
650 _aCaracterización ecológica
650 _aAreas protegidas
662 _aColombia
_cCaribe
700 _aEscobar Sarria, Federico
700 _aMendoza Cifuentes, Humberto
700 _aRepizzo, Augusto
700 _aVillarreal Leal, Héctor Fernando
856 _uhttp://hdl.handle.net/20.500.11761/9318
942 _cINFORME
_09
_2z
999 _c2362
_d2362